Precizní zemědělství : technologie a metody v rostlinné produkci /

Hlavní autor: Neudert, Lubomír, 1971-
Korporativní autor: Mendelova univerzita. Agronomická fakulta
Další autoři: Lukas, Vojtěch
Jazyk: Čeština
Vydáno: Brno : Mendelova univerzita v Brně, 2015
Vydání: Vydání: první
Témata:
Fyzický popis: 239 stran : ilustrace (převážně barevné), mapy ; 26 cm
Knihy
Uloženo v:
LEADER 01834nam a2200457 i 4500
001 nkc20162792322
003 CZ PrNK
005 20160523142205.0
007 ta
008 160413s2015 xr ab f 000 0 cze
015 |a cnb002792322 
020 |a 978-80-7509-311-0  |q (vázáno) 
035 |a (OCoLC)951554126 
040 |a BOA001  |b cze  |d OLA001  |e rda 
072 7 |a 631  |x Zemědělství. Pedologie. Agrotechnika. Agroekologie  |2 Konspekt  |9 24 
080 |a 631/633  |2 MRF 
080 |a (048.8:082)  |2 MRF 
100 1 |a Neudert, Lubomír,  |d 1971-  |7 ola364019  |4 aut 
245 1 0 |a Precizní zemědělství :  |b technologie a metody v rostlinné produkci /  |c Lubomír Neudert, Vojtěch Lukas a kol. 
246 3 0 |a Technologie a metody v rostlinné produkci 
250 |a Vydání: první 
264 1 |a Brno :  |b Mendelova univerzita v Brně,  |c 2015 
300 |a 239 stran :  |b ilustrace (převážně barevné), mapy ;  |c 26 cm 
336 |a text  |b txt  |2 rdacontent 
337 |a bez média  |b n  |2 rdamedia 
338 |a svazek  |b nc  |2 rdacarrier 
500 |a Na obálce nad názvem: Mendelova univerzita v Brně, Agronomická fakulta 
500 |a 200 výtisků 
504 |a Obsahuje bibliografii 
650 0 7 |a precizní zemědělství  |7 ph124583  |2 czenas 
650 0 9 |a precision farming  |2 eczenas 
655 7 |a kolektivní monografie  |7 fd501537  |2 czenas 
655 9 |a collective monographs  |2 eczenas 
700 1 |a Lukas, Vojtěch  |7 jx20111220014  |4 aut 
710 2 |a Mendelova univerzita.  |b Agronomická fakulta  |7 ko2010564124  |4 isb 
910 2 |a BOA001  |b 3-1364.998 
990 |a BK 
995 |a 01 
991 |b 201605  |c NOV 
996 6 |b 2610668572  |c 3-1364.998  |l MZK  |r Sklad / do 1 hodiny  |n 5  |p p.v.  |w 001557131  |u 000010  |a 1  |e BOA001  |j MZK50  |s P 
996 7 |b 2610668573  |c 3-1364.998  |l Vol.výběr  |r VV 1p  |n 19  |p p.v.  |h 631 NEU  |w 001557131  |u 000020  |a 0  |e BOA001  |j MZK50  |s A